| 000 | 01207cam a22002895a 4500 | ||
|---|---|---|---|
| 001 | 18643282 | ||
| 005 | 20161124114705.0 | ||
| 008 | 150604t2016 njua frb 101 0 eng d | ||
| 020 | _a9780134052359 | ||
| 020 | _a0134052358 | ||
| 040 |
_aBTCTA _beng _cBTCTA _dBDX _dYDXCP _dVGM _dDLC _dEG-ScUE |
||
| 082 | 0 | 4 |
_222 _a658.403 _bRES |
| 110 | 2 |
_aEuropean Decision Sciences Institute. _bAnnual Conference _d(2015) |
|
| 245 | 1 | 0 |
_aResearch in the decision sciences for the service economy : _bbest papers from the 2015 annual conference / _cEuropean Decision Sciences Institute ; edited by Carmela Di Mauro, Alessandro Ancarani, Gyula Vastag. |
| 260 |
_aOld Tappan : _bPearson Education, _cc.2016. |
||
| 300 |
_axix, 347 p. : _bill. ; _c24 cm. |
||
| 504 | _aIncludes bibliographical references and index. | ||
| 650 | 0 |
_aService industries _xEconomic aspects _vCongresses. _2BUEsh |
|
| 650 | 0 |
_aIndustries _xEconomic aspects _vCongresses. _2BUEsh |
|
| 651 | _2BUEsh | ||
| 653 |
_bBUSECO _cNovember2016 |
||
| 700 | 1 |
_aDi Mauro, Carmela, _eeditor. |
|
| 700 | 1 |
_aAncarani, Alessandro, _eeditor. |
|
| 700 | 1 |
_aVastag, Gyula, _d1954- _eeditor. |
|
| 710 | 2 |
_aEuropean Decision Sciences Institute, _ecompiler. |
|
| 942 | _2ddc | ||
| 999 |
_c23317 _d23289 |
||